Burger King Whopper Lyrics (Original) - Statistics

General Stats
  • This quiz has been taken 495 times
  • The average score is 30 of 51
Answer Stats
Lyrics % Correct
Whopper
98%
Whopper
98%
Whopper
98%
Whopper
98%
Whopper
98%
Whopper
98%
Whopper
98%
Double
84%
I
84%
I
84%
Junior
83%
Triple
81%
It
73%
Rule
72%
Rule
72%
Rule!
72%
You
72%
You
72%
Way
68%
Way
68%
Have
65%
Your
64%
BK
60%
Day
58%
Day
58%
Flame
57%
This
56%
Grilled
54%
Lettuce
53%
Perfect
51%
With
51%
At
50%
Ketchup
50%
Pickle
49%
Toppers
49%
Taste
48%
Mayo
47%
Want
43%
Don't
39%
If
39%
That
39%
Bacon
38%
It's
38%
The
36%
Okay
35%
Impossible
33%
My
30%
Any
24%
Or
23%
You're
15%
Seizing
14%
No matching quizzes found
Score Distribution
Percent of People with Each Score
Percentile by Number Answered
Your Score History
You have not taken this quiz